Aircraft from its unofficial nickname Quiz Stats

 Plays Quiz not verified by Sporcle

Also try: Click a Will
Challenge
Share
Tweet
Embed
Score 0/20 Timer 05:00
0 Plays Today
Unofficial nickname Aircraft % Correct
WarthogA-10 Thunderbolt II
93.8%
HueyUH-1 Iroquois
75%
BuffB-52 Stratofortress
73.4%
ViperF-16 Fighting Falcon
64.1%
BoneB-1 Lancer
62.5%
ThudF-105 Thunderchief
59.4%
Double UglyF-4 Phantom II
37.5%
The SixF-106 Delta Dart
32.8%
DeuceF-102 Delta Dagger
32.8%
Wobbly GoblinF-117 Nighthawk
29.7%
Unofficial nickname Aircraft % Correct
Viper ZeroMitsubishi F-2
28.1%
BalalaikaMiG-21 Fishbed
21.9%
CraneSu-27 Flanker
18.8%
The ChairF3H or F-3 Demon
17.2%
CobraYF-17
15.6%
SharSea Harrier
10.9%
RhinoF/A-18E/F Super Hornet
9.4%
CrocodileMi-24 Hind
9.4%
PlatypusSu-34 Fullback
6.3%
NinjaKawasaki OH-1
0%

You're not logged in!

Compare scores with friends on all Sporcle quizzes.
Join for Free
OR
Log In

You Might Also Like...

Show Comments

Extras

Created Sep 10, 2010ReportNominate
Tags:aircraft, nickname, unofficial

Top Quizzes Today


Score Distribution

Your Account Isn't Verified!

In order to create a playlist on Sporcle, you need to verify the email address you used during registration. Go to your Sporcle Settings to finish the process.

Report this User

Report this user for behavior that violates our Community Guidelines.

Details: